|
|
|
|
| LEADER |
00000cam a22000004a 4500 |
| 001 |
musev2_80365 |
| 003 |
MdBmJHUP |
| 005 |
20230905052250.0 |
| 006 |
m o d |
| 007 |
cr||||||||nn|n |
| 008 |
100723s2000 enk o 00 0 eng d |
| 010 |
|
|
|z 2001334102
|
| 020 |
|
|
|a 9781847425225
|
| 020 |
|
|
|z 9781861341808
|
| 035 |
|
|
|a (OCoLC)1280907980
|
| 040 |
|
|
|a MdBmJHUP
|c MdBmJHUP
|
| 100 |
1 |
|
|a Chamberlayne, Prue.
|
| 245 |
1 |
0 |
|a Cultures of care :
|b Biographies of carers in Britain and the two Germanies /
|c Prue Chamberlayne and Annette King.
|
| 264 |
|
1 |
|a Bristol, UK :
|b Policy Press,
|c 2000.
|
| 264 |
|
3 |
|a Baltimore, Md. :
|b Project MUSE,
|c 2021
|
| 264 |
|
4 |
|c ©2000.
|
| 300 |
|
|
|a 1 online resource (240 pages).
|
| 336 |
|
|
|a text
|b txt
|2 rdacontent
|
| 337 |
|
|
|a computer
|b c
|2 rdamedia
|
| 338 |
|
|
|a online resource
|b cr
|2 rdacarrier
|
| 505 |
0 |
|
|a CULTURES OF CARE; Contents; Acknowledgements; Glossary; 1. Introduction; 2. West Germany the pull into the home; 3. East Germany the push out of the home; 4. Britain sitting on the doorstep; 5. Biography and caring; 6. Carers and the social world; 7. Conclusion caring as a political challenge; Bibliography; Appendix 1: Gestalt theory and the biographical method; Appendix 2: List of carers interviewed; Index.
|
| 520 |
8 |
|
|a This work compares the experiences of unpaid family carers in three different welfare systems. It investigates the inter-relatedness of the personal and the social and how individual lives are shaped by different social systems.
|
| 588 |
|
|
|a Description based on print version record.
|
| 650 |
1 |
7 |
|a Verzorgingsstaat.
|2 gtt
|
| 650 |
1 |
7 |
|a Organisatie.
|2 gtt
|
| 650 |
1 |
7 |
|a Informele zorg.
|2 gtt
|
| 650 |
|
7 |
|a Kultur
|2 gnd
|
| 650 |
|
7 |
|a Fürsorge
|2 gnd
|
| 650 |
|
7 |
|a Deutschlandbild
|g Bundesrepublik
|2 gnd
|
| 650 |
|
7 |
|a Social policy.
|2 fast
|0 (OCoLC)fst01122738
|
| 650 |
|
7 |
|a Home care services.
|2 fast
|0 (OCoLC)fst00959108
|
| 650 |
|
7 |
|a Caregivers.
|2 fast
|0 (OCoLC)fst00847331
|
| 650 |
|
7 |
|a MEDICAL
|x Health Policy.
|2 bisacsh
|
| 650 |
|
7 |
|a MEDICAL
|x Caregiving.
|2 bisacsh
|
| 650 |
|
0 |
|a Home care services
|z Germany.
|
| 650 |
|
0 |
|a Home care services
|z Great Britain.
|
| 650 |
|
0 |
|a Caregivers
|z Germany
|v Case studies.
|
| 650 |
|
0 |
|a Caregivers
|z Great Britain
|v Case studies.
|
| 651 |
|
7 |
|a England
|2 gnd
|
| 651 |
|
7 |
|a Great Britain.
|2 fast
|0 (OCoLC)fst01204623
|
| 651 |
|
7 |
|a Germany.
|2 fast
|0 (OCoLC)fst01210272
|
| 651 |
|
0 |
|a Germany
|x Social policy.
|
| 651 |
|
0 |
|a Great Britain
|x Social policy.
|
| 655 |
|
7 |
|a Case studies.
|2 fast
|0 (OCoLC)fst01423765
|
| 655 |
|
7 |
|a Electronic books.
|2 local
|
| 700 |
1 |
|
|a King, Annette.
|
| 710 |
2 |
|
|a Project Muse.
|e distributor
|
| 830 |
|
0 |
|a Book collections on Project MUSE.
|
| 856 |
4 |
0 |
|z Texto completo
|u https://projectmuse.uam.elogim.com/book/80365/
|
| 945 |
|
|
|a Project MUSE - Custom Collection
|